Catálogo

COMPUTER ORGANIZATION AND DESIGN (Registro nro. 43821)

Detalles MARC
000 -LEADER
fixed length control field 00732nam a2200205 a 4500
001 - CONTROL NUMBER
control field 43821
005 - DATE AND TIME OF LATEST TRANSACTION
control field 20180714022454.0
008 - FIXED-LENGTH DATA ELEMENTS--GENERAL INFORMATION
fixed length control field 140415s1998 000 0 eng d
020 ## - INTERNATIONAL STANDARD BOOK NUMBER
International Standard Book Number 1558604286
041 ## - LANGUAGE CODE
Language code of text/sound track or separate title eng
082 ## - DEWEY DECIMAL CLASSIFICATION NUMBER
Classification number 004.22
Item number HEN
100 1# - MAIN ENTRY--PERSONAL NAME
Personal name HENNESSY, JOHN L.
245 10 - TITLE STATEMENT
Title COMPUTER ORGANIZATION AND DESIGN
250 ## - EDITION STATEMENT
Edition statement 2a ed.
260 ## - PUBLICATION, DISTRIBUTION, ETC.
Place of publication, distribution, etc. [s.l.] :
Name of publisher, distributor, etc. NORMAN KAUFMANN PUBLISHERS, INC.,
Date of publication, distribution, etc. 1998
300 ## - PHYSICAL DESCRIPTION
Extent 759
Dimensions x 19 x 24
520 ## - SUMMARY, ETC.
Summary, etc. EL TEXTO DEMUESTRA LA RELACION ENTRE EL SOFTWARE Y EL HARDWARE Y ENFOCADA SOBRE LOS CONCEPTOS PRINCIPALES QUE SON LA BASE PARA EL DISEÑO POR COMPUTADORA .
650 14 - SUBJECT ADDED ENTRY--TOPICAL TERM
Topical term or geographic name entry element INTERFASES
General subdivision COMPUTADORES
-- DISEO Y CONSTRUCCIN
700 1# - ADDED ENTRY--PERSONAL NAME
Personal name PATTERSON, DAVID A.
Relator term coaut.
Existencias
Withdrawn status Lost status Source of classification or shelving scheme Damaged status Not for loan Collection code Home library Current library Shelving location Date acquired Source of acquisition Inventory number Total Checkouts Full call number Barcode Date last seen Price effective from Koha item type
    Dewey Decimal Classification     General Biblioteca Karol Wojtyla Biblioteca Karol Wojtyla Sala general 03/12/2013 Compra 151000000000000000064860   '004.22 HEN 65885 05/01/2026 03/12/2013 Libro
    Dewey Decimal Classification     General Biblioteca Karol Wojtyla Biblioteca Karol Wojtyla Sala general 03/12/2013 Compra 151000000000000000064861   '004.22 HEN 65886 05/01/2026 03/12/2013 Libro